| Tag |
First Indicator |
Second Indicator |
Subfields |
| LEADER |
00000cam a2200000 i 4500 |
| 001 |
in00004753113 |
| 003 |
OCoLC |
| 005 |
20231127203427.4 |
| 008 |
230405t20232023ncu b 001 0deng |
| 010 |
|
|
|a 2023014314
|
| 040 |
|
|
|a DLC
|e rda
|c DLC
|
| 020 |
|
|
|a 9781469675411
|q hardcover :
|q alkaline paper
|
| 020 |
|
|
|a 1469675412
|q hardcover :
|q alkaline paper
|
| 020 |
|
|
|a 9781469677262
|q paperback :
|q alkaline paper
|
| 020 |
|
|
|a 1469677261
|q paperback :
|q alkaline paper
|
| 020 |
|
|
|z 9781469675428
|q electronic book
|
| 020 |
|
|
|z 9781469675435
|q electronic book
|
| 020 |
|
|
|z 9798890862952
|q electronic book
|
| 035 |
|
|
|a (OCoLC)1376165429
|
| 050 |
0 |
0 |
|a BP75.3
|b .K65 2023
|
| 082 |
0 |
0 |
|a 297.6/3092
|2 23/eng/20230502
|
| 100 |
1 |
|
|a Knight, Michael Muhammad,
|e author.
|
| 245 |
1 |
0 |
|a Who is Muhammad? /
|c Michael Muhammad Knight.
|
| 264 |
|
1 |
|a Chapel Hill :
|b University of North Carolina Press,
|c [2023].
|
| 264 |
|
4 |
|c ©2023.
|
| 300 |
|
|
|a x, 186 pages ;
|c 25 cm.
|
| 336 |
|
|
|a text
|b txt
|2 rdacontent
|
| 337 |
|
|
|a unmediated
|b n
|2 rdamedia
|
| 338 |
|
|
|a volume
|b nc
|2 rdacarrier
|
| 490 |
1 |
|
|a Islamic civilization and Muslim networks
|
| 504 |
|
|
|a Includes bibliographical references and index.
|
| 505 |
0 |
|
|a My Muhammads -- Muhammad and the world -- The life of Muhammad -- Prophetic networks: disassembling the sources -- Jurists, mystics, philosophers -- Modern Muhammads -- Future Muhammads.
|
| 520 |
|
|
|a Combining insights from the best published historical and religious studies scholarship, original research and rich first-person perspective, this highly readable book offers a comprehensive yet concise introduction to the founder and central figure of the Islamic tradition, the prophet Muhammad. Narrating Muhammad's life story, teachings and daily practices, and assessing how his legacy is received, interpreted and applied around the world, Michael Muhammad Knight reveals how Muhammad has become simultaneously one of the most beloved historical figures in the world and also one of the most contested, challenged and disparaged. Knight argues that there was never a singular Muslim vision of Muhammad but rather always multiple perspectives. While Muslims defend Muhammad's legacy against Islamophobic polemics, they also challenge each other regarding the proper authorities through which Muhammad's life and message become comprehensible and applicable in our world. Thinking across time and place, Knight argues that Muhammad is always contextual and contemporary.
|
| 600 |
0 |
0 |
|a Muḥammad,
|c Prophet,
|d -632.
|
| 600 |
0 |
0 |
|a Muḥammad,
|c Prophet,
|d -632
|x Biography
|x History and criticism.
|
| 650 |
|
7 |
|a RELIGION / Islam / General.
|2 bisacsh
|
| 650 |
|
7 |
|a BIOGRAPHY & AUTOBIOGRAPHY / Religious.
|2 bisacsh
|
| 830 |
|
0 |
|a Islamic civilization & Muslim networks.
|
| 945 |
|
|
|b 880221
|
| 947 |
|
|
|a A14852478776
|
| 948 |
|
|
|a dmitchel 11/27/23 2.30.20
|
| 980 |
|
|
|b print
|c 40032018055
|f NONFIC/B
|g 565714
|k USD
|m 79.20
|q 1
|s AcqMono Conventional
|t Approval plan
|u Vendor order reference number
|v ZYBP
|y Print approval
|z Physical resource
|
| 999 |
f |
f |
|i 79d79c47-4fd2-45fb-b326-9cbd5db70f98
|s cfd76022-95de-486f-b92f-e3abc99c7193
|t 0
|
| 952 |
f |
f |
|p normal
|a Texas A&M University
|b College Station
|c Sterling C. Evans Library
|s Evans stk
|d Evans: Library Stacks
|t 0
|e BP75.3 .K65 2023
|h Library of Congress classification
|i unmediated -- volume
|m A14852478776
|
| 998 |
f |
f |
|a BP75.3 .K65 2023
|t 0
|l Evans: Library Stacks
|